Public deposites. Memorial of citizens of Cincinnati, Ohio, and resolutions adopted at a public meeting relative to the deposites of the revenue hereafter to be collected.

Bibliographic Details
Corporate Authors: United States. Congress. House. Committee on Ways and Means, ProQuest (Firm)
Format: eBook
Language:English
Published: Washington : [publisher not identified], 1834.
Series:United States congressional serial set.
Subjects:
Online Access:Connect to the full text of this electronic book

MARC

Tag First Indicator Second Indicator Subfields
LEADER 00000cam a22000001a 4500
001 in00002812623
005 20190331184704.0
006 m o d
007 cr un mmmapmmp
008 090210s1834 dcu o f000 0 eng d
035 |a cis2004315938 
040 |a UMI  |c UMI  |d UtOrBLW 
043 |a n-us--- 
099 |a ProQuest Serial Set Number 255 H.doc.67 
110 1 |a United States.  |b Congress.  |b House.  |b Committee on Ways and Means. 
245 1 0 |a Public deposites. Memorial of citizens of Cincinnati, Ohio, and resolutions adopted at a public meeting relative to the deposites of the revenue hereafter to be collected. 
246 1 |a Citizens of Cincinnati, Ohio, for making deposits of revenue hereafter in Bank United States 
264 1 |a Washington :  |b [publisher not identified],  |c 1834. 
300 |a 1 online resource. 
336 |a text  |b txt  |2 rdacontent 
337 |a computer  |b c  |2 rdamedia 
338 |a online resource  |b cr  |2 rdacarrier 
490 0 |a H.doc.67 
500 |a Record is based on bibliographic data in ProQuest U.S. Serial Set Digital Collection (last viewed Feb. 2009). Reuse except for individual research requires license from ProQuest, LLC. 
510 3 |a ProQuest U.S. Serial Set Digital Collection 
500 |a Electronic resource. 
650 0 |a Banks and banking. 
650 0 |a Political participation. 
651 0 |a Ohio. 
655 7 |a Electronic books.  |2 local 
710 2 |a ProQuest (Firm) 
830 0 |a United States congressional serial set. 
856 4 0 |u http://proxy.library.tamu.edu/login?url=http://congressional.proquest.com/congcomp/getdoc?SERIAL-SET-ID=255+H.doc.67  |z Connect to the full text of this electronic book  |t 0 
999 |a MARS 
999 f f |s 1f0a913b-66c4-3f3e-9aa5-5580405fa806  |i 0ce9d7e6-dfa7-3b24-95bf-2b81b5d488ec  |t 0 
952 f f |a Texas A&M University  |b College Station  |c Electronic Resources  |d Available Online  |t 0  |e ProQuest Serial Set Number 255 H.doc.67  |h Other scheme 
998 f f |a ProQuest Serial Set Number 255 H.doc.67  |t 0  |l Available Online